000
00405nam a2200145Ia 4500
008
230718s9999 xx 000 0 und d
041
_a
Eng.
082
_a
341.051
_b
ڈاک-ت
100
_a
ڈاکٹر محمد طاہر القادری
245
0
_a
تصور دی ۔ حیات ہوئی
260
_a
Pakistan
_b
گنج شکر پر مٹر، لاہور
_c
1997
300
_a
539
650
_a
Law
999
_c
28792
_d
28792